000 00273nam a22001337a 4500
008 180118b xxu||||| |||| 00| 0 eng d
020 _a9780030923425
041 _aeng
080 _a510
100 _a36
101 _aMAT
245 _aAlgebra 1
_cHolt
942 _2udc
_cBK
999 _c40444
_d40444